000 02167cam a22004454i 4500
003 PE-LiUPU
005 20250731165435.0
008 160509s2009 pe a grm 000 0 spa d
035 _a(Sirsi) a156637
040 _aPE-LiUPU
_bspa
_cPE-LiUPU
_erda
099 _aTIS 2
_bM42 2009
100 1 _aMendoza Aliaga, Esther Elizabeth
_eautor
245 1 _aModelo sistemático de la estratégia alineado al balanced scorecard para la Universidad Pública /
_cEsther Elizabeth Mendoza Aliaga.
264 0 _c2009.
300 _a97 hojas
_c31 cm
336 _atext
_2rdacontent
337 _aunmediated
_2rdamedia
338 _avolume
_2rdacarrier
502 _aTesis
_b(Lic.) --
_cUniversidad Peruana Unión,
_d2009.
504 _aIncluye referencias
520 3 _aEn el presente trabajo de investigación se desarrolló un modelo sistémico de la estrategia alineado al Balanced Scorecard (BSC) para la universidad pública. Para ello se utilizó el enfoque sistémico para integrar los procesos de planeamiento estratégico, el Balanced Scorecard y una plataforma tecnológica que soporte la estrategias, luego, el modelo se aplicó al plan estratégico de la Universidad Nacional de San Luis Gonzaga de Ica. Los resultados de la aplicación fueron: que, la estrategia de la universidad no tiene un proceso de despliegue hacia las unidades estratégicas y de apoyo; también carecen de una plataforma tecnológica que soporte la estrategia, por otra parte, la metodología del plan estratégico no permite desplegar verticalmente en los niveles estratégicos, tácticos y operativos.
526 _aSEG44
526 _aSEG26
526 _aP151
526 _aP150
526 _aP149
526 _aP146
526 _aP145
526 _aP126
526 _aP125
526 _aP92
526 _aP75
526 _aP74
526 _aP27
526 _aP15
650 0 4 _aCuadro de mando
_xUniversidad Pública (Programas para la computadora)
596 _a1
942 _2ddc
_cTESIS
999 _aTIS 2 M42 2009
_wALPHANUM
_c9289
_iT01129
_lCCODEBUL3
_mBUL
_r1
_sY
_tTESIS
_u2016-5-9
_xINGENIERIA
_PP27
_o.STAFF. Tesis
_d9289
980 _81
_gALBERTO SANCHEZ Responsable de Automatización